| 000 | 01135nam0a2200337 4500 | ||
|---|---|---|---|
| 001 | RU\NLR\bibl\1068495 | ||
| 005 | 20260409070403.0 | ||
| 010 |
_a5-699-13985-0 _93000 |
||
| 021 |
_aRU _b2007-11237 _9600 |
||
| 021 |
_aRU _b2007-48300 _92564 |
||
| 035 | _a(NLR Aleph) 001055740 | ||
| 090 |
_a906982 _c906982 |
||
| 100 | _a20070404d2007 |||y0rusy50 ca | ||
| 101 | 0 | _arus | |
| 102 | _aRU | ||
| 105 | _aa ||||||||| | ||
| 200 | 1 |
_aИнтернет _eпросто как 2х2 _fВ.А. Аксак |
|
| 210 |
_aМосква _cЭксмо _d2007 |
||
| 215 |
_a245 с. _cил. _d20 |
||
| 225 | 1 | _aДля начинающих пользователей | |
| 225 | 1 | _aПросто как дважды два | |
| 320 | _aПредм. указ.: с. 237-245 | ||
| 606 |
_aINTERNET, глобальная информационная сеть _3RU\NLR\auth\66234270 _91323271 |
||
| 686 | _aЗ988.02 | ||
| 700 | 1 |
_aАксак _bВ. А. _gВалерий Александрович _4070 |
|
| 801 | 0 |
_aRU _bNLR _c20070404 _gRCR |
|
| 801 | 1 |
_aRU _bNLR _c20070404 |
|
| 830 | _aАвт. по кн. | ||
| 942 | _cBOOK | ||
| 980 | _aNB | ||